[Event "BEL-chT 0809"]
[Site "Belgium"]
[Date "2008.10.05"]
[Round "1.3"]
[White "Schebler, Gerhard"]
[Black "Pergericht, Daniel"]
[Result "1/2-1/2"]
[WhiteElo "2453"]
[BlackElo "2297"]
[PlyCount "53"]
[EventDate "2008.10.05"]
[EventType "team-tourn"]
[EventRounds "11"]
[EventCountry "BEL"]
[SourceTitle "CBM 127 Extra"]
[Source "ChessBase"]
[SourceDate "2009.01.08"]
[SourceVersion "2"]
[SourceVersionDate "2009.01.28"]
[SourceQuality "1"]
[WhiteTeam "KSK47 Eynatten"]
[BlackTeam "Brussels"]
[WhiteTeamCountry "BEL"]
[BlackTeamCountry "BEL"]

1. Nf3 d5 2. g3 Nf6 3. Bg2 c6 4. c4 Bf5 5. cxd5 cxd5 6. Qb3 Qd7 7. Ne5 Qc7 8. Nc3 Nc6 9. d4 e6 10. Bf4 Qb6 11. Nxc6 bxc6 12. 0-0 Be7 13. Rfc1 0-0 14. Na4 Qxd4 15. Rxc6 Ne4 16. Be3 Qe5 17. Qd3 Bf6 18. Bf4 Qd4 19. Qxd4 Bxd4 20. e3 Bf6 21. g4 Bxg4 22. f3 e5 23. fxg4 exf4 24. exf4 Rab8 25. Bxe4 dxe4 26. Re1 Bxb2 27. Rxe4 1/2-1/2

[Event "BEL-chT 0708"]
[Site "Belgium"]
[Date "2008.03.02"]
[Round "10"]
[White "Tjiam, Dharma"]
[Black "Pergericht, Daniel"]
[Result "1/2-1/2"]
[WhiteElo "2382"]
[BlackElo "2301"]
[PlyCount "137"]
[EventDate "2007.09.30"]
[EventType "team-tourn"]
[EventRounds "11"]
[EventCountry "BEL"]
[SourceTitle "EXT 2009"]
[Source "ChessBase"]
[SourceDate "2008.11.26"]
[SourceVersion "1"]
[SourceVersionDate "2008.11.26"]
[SourceQuality "1"]
[WhiteTeam "KGSRL"]
[BlackTeam "Brussels"]
[WhiteTeamCountry "BEL"]
[BlackTeamCountry "BEL"]

1. d4 d5 2. c4 e6 3. Nc3 c6 4. e3 Bd6 5. Bd3 f5 6. Qc2 Nf6 7. Bd2 Ne4 8. g3 Na6 9. a3 0-0 10. Nge2 Qe7 11. f3 Nxd2 12. Qxd2 dxc4 13. Bxc4 b5 14. Bb3 b4 15. axb4 Nxb4 16. 0-0 a5 17. Bc4 Kh8 18. e4 Qa7 19. Kg2 e5 20. Rad1 exd4 21. Nxd4 Be5 22. Nxf5 Bxf5 23. exf5 Rxf5 24. Ne4 c5 25. Rde1 h6 26. Nd6 Bxd6 27. Qxd6 Rf6 28. Re6 Rxe6 29. Qxe6 Rf8 30. Rf2 Qa8 31. Qd6 Nc2 32. Qd2 Nd4 33. Qd3 Qe8 34. Bd5 Qe5 35. Be4 Rb8 36. Qc3 a4 37. Qa5 Nf5 38. Bxf5 Qxf5 39. Qxa4 Qe5 40. Qc2 Re8 41. Qc1 Rb8 42. Rc2 Rb3 43. Qd2 Qb8 44. Qe2 Qb7 45. h4 Qb5 46. Qe5 Qd3 47. Rf2 c4 48. h5 c3 49. bxc3 Rxc3 50. g4 Qe3 51. Qxe3 Rxe3 52. Ra2 Kg8 53. Ra1 Rb3 54. Kg3 Kf8 55. Rd1 Ra3 56. Kf4 Rb3 57. Ke4 Kg8 58. f4 Rb5 59. Rd5 Rb4+ 60. Ke5 Kf7 61. Ra5 Kg8 62. Rd5 Kh7 63. g5 hxg5 64. fxg5 Rb1 65. Ke6 Rf1 66. Re5 Rf2 67. Ke7 Rf1 68. Kd6 Rh1 69. h6 1/2-1/2

[Event "BEL-chT 0708"]
[Site "Belgium"]
[Date "2008.02.10"]
[Round "8"]
[White "Pergericht, Daniel"]
[Black "Knoppert, Erik"]
[Result "0-1"]
[WhiteElo "2301"]
[BlackElo "2330"]
[PlyCount "60"]
[EventDate "2007.09.30"]
[EventType "team-tourn"]
[EventRounds "11"]
[EventCountry "BEL"]
[SourceTitle "EXT 2009"]
[Source "ChessBase"]
[SourceDate "2008.11.26"]
[SourceVersion "1"]
[SourceVersionDate "2008.11.26"]
[SourceQuality "1"]
[WhiteTeam "Brussels"]
[BlackTeam "Borgerhout"]
[WhiteTeamCountry "BEL"]
[BlackTeamCountry "BEL"]

1. d4 Nf6 2. Nf3 c5 3. c3 e6 4. e3 b6 5. Nbd2 Bb7 6. Bd3 Nc6 7. 0-0 Qc7 8. Re1 d5 9. b3 Rd8 10. Bb2 Be7 11. Qc2 0-0 12. Rad1 h6 13. a3 e5 14. dxe5 Nxe5 15. Nxe5 Qxe5 16. c4 Qc7 17. cxd5 Nxd5 18. Nc4 Bf6 19. e4 Bxb2 20. exd5 Bd4 21. d6 Qb8 22. Re7 Bd5 23. Qe2 b5 24. Nd2 a6 25. a4 Qxd6 26. axb5 axb5 27. Bxb5 Be6 28. Ra7 Bc3 29. Ra6 Qd4 30. Ra4 Bb4 0-1

[Event "BEL-chT 0708"]
[Site "Belgium"]
[Date "2007.12.16"]
[Round "3.5"]
[White "Saiboulatov, Danial"]
[Black "Pergericht, Daniel"]
[Result "1-0"]
[WhiteElo "2384"]
[BlackElo "2314"]
[PlyCount "66"]
[EventDate "2007.09.30"]
[EventType "team-tourn"]
[EventRounds "11"]
[EventCountry "BEL"]
[SourceTitle "CBM 120 Extra"]
[Source "ChessBase"]
[SourceDate "2007.11.01"]
[SourceVersion "1"]
[SourceVersionDate "2007.11.01"]
[SourceQuality "1"]
[WhiteTeam "Charleroi CREC"]
[BlackTeam "Brussels"]
[WhiteTeamCountry "BEL"]
[BlackTeamCountry "BEL"]

1. e4 e5 2. Nf3 Nf6 3. Nc3 Bb4 4. Nxe5 0-0 5. Be2 Re8 6. Nd3 Bxc3 7. dxc3 Nxe4 8. Nf4 d6 9. 0-0 Nd7 10. f3 Nec5 11. c4 Nf8 12. b3 Ng6 13. Nxg6 Qf6 14. Rb1 Qxg6 15. Rf2 b6 16. b4 Bf5 17. Bf1 Nd7 18. Qd2 a5 19. a3 axb4 20. axb4 Ra2 21. Bb2 h5 22. Qc3 c5 23. Qb3 Rea8 24. Rd1 cxb4 25. Rfd2 Nc5 26. Qxb4 Be6 27. Rxd6 Qxc2 28. R1d2 Qb1 29. Rxb6 Nd7 30. Qc3 Nf6 31. c5 Rc8 32. Rbd6 Raa8 33. Rd1 Qf5 1-0

[Event "BEL-chT 0708"]
[Site "Belgium"]
[Date "2007.12.02"]
[Round "5.5"]
[White "Becker, Marcel"]
[Black "Pergericht, Daniel"]
[Result "0-1"]
[WhiteElo "2370"]
[BlackElo "2314"]
[PlyCount "102"]
[EventDate "2007.09.30"]
[EventType "team-tourn"]
[EventRounds "11"]
[EventCountry "BEL"]
[SourceTitle "CBM 121 Extra"]
[Source "ChessBase"]
[SourceDate "2008.01.10"]
[SourceVersion "1"]
[SourceVersionDate "2008.01.10"]
[SourceQuality "1"]
[WhiteTeam "KSK47 Eynatten"]
[BlackTeam "Brussels"]
[WhiteTeamCountry "BEL"]
[BlackTeamCountry "BEL"]

1. d4 d5 2. Nf3 c6 3. c4 e6 4. e3 Bd6 5. Bd3 f5 6. 0-0 Nf6 7. b3 Qe7 8. a4 a5 9. Ba3 Bxa3 10. Nxa3 0-0 11. Nc2 Ne4 12. Ne5 b6 13. Qc1 Bb7 14. Qa3 c5 15. f3 Nf6 16. cxd5 Nxd5 17. dxc5 bxc5 18. Rfe1 Nc6 19. Nxc6 Bxc6 20. Qb2 Rab8 21. Bc4 Nb6 22. Bb5 Bxb5 23. axb5 Qc7 24. Qc3 Ra8 25. e4 fxe4 26. Rxe4 Nd5 27. Qc4 Qd6 28. Rae1 Rf6 29. Ne3 Rh6 30. Ng4 Rg6 31. Re5 Rf8 32. h4 h5 33. Rxh5 Qg3 34. Rxe6 Rxe6 35. Qxd5 Qd6 36. b6 Qxd5 37. Rxd5 Rxb6 38. Rxc5 Ra8 39. Rc3 Rab8 40. Rc5 Rb5 41. Rc7 Rxb3 42. h5 R3b7 43. Rc6 Rb6 44. Rc7 Ra8 45. Ne3 Rb5 46. g4 a4 47. Nf5 Rxf5 48. gxf5 a3 49. Rc1 a2 50. Ra1 Kf7 51. Kf2 Kf6 0-1

[Event "BEL-chT 0708"]
[Site "Belgium"]
[Date "2007.11.18"]
[Round "4.5"]
[White "Pergericht, Daniel"]
[Black "Cekro, Ekrem"]
[Result "0-1"]
[WhiteElo "2314"]
[BlackElo "2443"]
[PlyCount "61"]
[EventDate "2007.09.30"]
[EventType "team-tourn"]
[EventRounds "11"]
[EventCountry "BEL"]
[SourceTitle "CBM 121 Extra"]
[Source "ChessBase"]
[SourceDate "2008.01.10"]
[SourceVersion "1"]
[SourceVersionDate "2008.01.10"]
[SourceQuality "1"]
[WhiteTeam "Brussels"]
[BlackTeam "Liege Crelel"]
[WhiteTeamCountry "BEL"]
[BlackTeamCountry "BEL"]

1. d4 Nf6 2. Nf3 b6 3. Bf4 Bb7 4. e3 d6 5. h3 Nbd7 6. Be2 g6 7. 0-0 Bg7 8. c3 0-0 9. Bh2 Re8 10. a4 a6 11. Qb3 e5 12. Re1 Qe7 13. Na3 Rab8 14. Nc4 Ne4 15. Rad1 h6 16. Qc2 f5 17. dxe5 Nxe5 18. Ncxe5 dxe5 19. Bc4+ Kh7 20. Bd5 Bxd5 21. Rxd5 c6 22. Rdd1 Rbd8 23. Qb3 b5 24. axb5 axb5 25. Qa2 Nc5 26. Rxd8 Rxd8 27. Qa5 Rd5 28. Kf1 Qd7 29. Qa1 e4 30. Nd4 Nd3 31. Rb1 0-1

[Event "Olympiad-30"]
[Site "Manila"]
[Date "1992.06.20"]
[Round "11.3"]
[White "Danielsen, Henrik"]
[Black "Pergericht, Daniel"]
[Result "1-0"]
[WhiteElo "2390"]
[BlackElo "2295"]
[PlyCount "81"]
[EventDate "1992.06.08"]
[EventType "team-swiss"]
[EventRounds "14"]
[EventCountry "PHI"]
[SourceTitle "TD"]
[Source "ChessBase"]
[SourceDate "1994.03.01"]
[SourceVersion "1"]
[SourceVersionDate "1994.03.01"]
[SourceQuality "1"]
[WhiteTeam "Denmark"]
[BlackTeam "Belgium"]
[WhiteTeamCountry "DEN"]
[BlackTeamCountry "BEL"]

1. Nf3 d5 2. c4 c6 3. e3 Nf6 4. Nc3 g6 5. d4 Bg7 6. Be2 0-0 7. 0-0 Be6 8. b3 c5 9. Ba3 Ne4 10. Nxd5 Bxd5 11. cxd5 cxd4 12. Nxd4 Nc3 13. Qd3 Nxe2+ 14. Qxe2 Qxd5 15. Rad1 Qe4 16. f3 Qe5 17. f4 Qe4 18. Qd3 Qxd3 19. Rxd3 Rc8 20. Bxe7 Re8 21. Nb5 Rxe7 22. Rd8+ Bf8 23. Rc1 a6 24. Nd6 Rd7 25. Rcc8 Rxd8 26. Rxd8 a5 27. Ne8 b6 28. Nf6+ Kg7 29. Ne8+ Kg8 30. e4 f6 31. Nxf6+ Kg7 32. Nd5 Kf7 33. Kf1 Bc5 34. a4 h6 35. Ke2 Bg1 36. h3 Bc5 37. Kf3 Bg1 38. g4 Bc5 39. e5 Bg1 40. f5 Bd4 41. e6+ 1-0

[Event "Olympiad-30"]
[Site "Manila"]
[Date "1992.06.18"]
[Round "10.3"]
[White "Pergericht, Daniel"]
[Black "Reyes Larena, Juan"]
[Result "0-1"]
[WhiteElo "2295"]
[BlackElo "2415"]
[PlyCount "82"]
[EventDate "1992.06.08"]
[EventType "team-swiss"]
[EventRounds "14"]
[EventCountry "PHI"]
[SourceTitle "TD"]
[Source "ChessBase"]
[SourceDate "1994.03.01"]
[SourceVersion "1"]
[SourceVersionDate "1994.03.01"]
[SourceQuality "1"]
[WhiteTeam "Belgium"]
[BlackTeam "Peru"]
[WhiteTeamCountry "BEL"]
[BlackTeamCountry "PER"]

1. d4 Nf6 2. c4 g6 3. Nc3 Bg7 4. e4 d6 5. Nf3 0-0 6. Be2 e5 7. 0-0 Nc6 8. Be3 Ng4 9. Bg5 f6 10. Bc1 f5 11. Bg5 Qe8 12. exf5 Bxf5 13. d5 Nb8 14. c5 h6 15. Bc1 Qe7 16. cxd6 cxd6 17. Nd2 Nf6 18. Nc4 Na6 19. Be3 Nc7 20. g4 Bc8 21. a3 Kh8 22. f3 b5 23. Na5 Qf7 24. Nxb5 Nxb5 25. Bxb5 Nxd5 26. Bd2 Be6 27. Nc4 Qb7 28. Ba4 Nf4 29. Rc1 d5 30. Na5 Qxb2 31. Nc6 Qb6+ 32. Kh1 Nd3 33. Qe2 Nxc1 34. Rxc1 Qb2 35. Bc2 e4 36. fxe4 Rac8 37. Nb4 a5 38. Nd3 Qa2 39. Nf4 Rxc2 40. Rxc2 Qxc2 41. Nxe6 Rb8 0-1

[Event "Paris-ch op"]
[Site "Paris"]
[Date "1992.??.??"]
[Round "5"]
[White "Bouland, Stephane"]
[Black "Pergericht, Daniel"]
[Result "1/2-1/2"]
[WhiteElo "2255"]
[BlackElo "2295"]
[PlyCount "200"]
[EventDate "1992.04.??"]
[EventType "swiss"]
[EventRounds "9"]
[EventCountry "FRA"]
[SourceTitle "EXT 1997"]
[Source "ChessBase"]
[SourceDate "1996.11.15"]
[SourceVersion "1"]
[SourceVersionDate "1996.11.15"]
[SourceQuality "1"]

1. d4 d5 2. Nf3 Nf6 3. c4 c6 4. Nc3 dxc4 5. a4 Bf5 6. e3 e6 7. Bxc4 Bb4 8. 0-0 Nbd7 9. Qe2 0-0 10. h3 Ne4 11. Bd2 Nxd2 12. Nxd2 e5 13. Qf3 Bg6 14. Rfd1 exd4 15. exd4 Nb6 16. a5 Nxc4 17. Nxc4 Bc2 18. Rdc1 Bb3 19. Nd2 Be6 20. a6 bxa6 21. Qxc6 Qxd4 22. Nf3 Qf4 23. Ne2 Qf6 24. Qxa6 Rfd8 25. Nc3 Qf4 26. Ne2 Qf6 27. Nc3 Qf4 28. Ne2 Qe4 29. Ng5 Qe5 30. Nxe6 fxe6 31. Ng3 Bc5 32. Qe2 Qxe2 33. Nxe2 Bb6 34. Rc2 Rac8 35. Nc3 Bd4 36. Re2 Rb8 37. Ne4 Rd7 38. Ng5 Rxb2 39. Rxb2 Bxb2 40. Rb1 Rd2 41. Nxe6 a5 42. Nc5 Bd4 43. Nb3 Bxf2+ 44. Kf1 Ra2 45. Nxa5 Ba7 46. Rb5 Rf2+ 47. Ke1 Rxg2 48. Nc6 Be3 49. Rf5 g6 50. Rf3 Bc5 51. Ne5 Bd4 52. Nc6 Bg7 53. Ne7+ Kh8 54. Nd5 Rg5 55. Nf4 Bd4 56. Ne2 Bc5 57. Rg3 Rf5 58. Rd3 Bb4+ 59. Kd1 Rf1+ 60. Kc2 Rh1 61. Rf3 Kg7 62. Kd3 Bd6 63. Ke3 Kh6 64. Kf2 Rh2+ 65. Kf1 Rh1+ 66. Kf2 Bc5+ 67. Kg2 Re1 68. Ng3 Rc1 69. Ne2 Ra1 70. Ng3 Rg1+ 71. Kh2 Re1 72. Rf1 Re3 73. Kg2 Kg5 74. Rf3 Re5 75. Rc3 Bb6 76. Rb3 Ba5 77. Ra3 h5 78. Ra2 Kh6 79. Rc2 Be1 80. Nf1 Kg5 81. Nh2 Kh6 82. Nf3 Re6 83. Nxe1 Rxe1 84. Ra2 Re4 85. Rb2 Kg5 86. Kg3 h4+ 87. Kg2 Kf5 88. Ra2 Kf4 89. Rb2 Rd4 90. Rf2+ Ke3 91. Rf3+ Ke4 92. Rf2 Rd3 93. Re2+ Re3 94. Ra2 Rg3+ 95. Kh2 Rd3 96. Rg2 Rd6 97. Rg4+ Kf3 98. Rxh4 Rd2+ 99. Kg1 Rd1+ 100. Kh2 Rd2+ 1/2-1/2

[Event "Paris-ch op"]
[Site "Paris"]
[Date "1992.??.??"]
[Round "6"]
[White "Pergericht, Daniel"]
[Black "Boudre, Jean Pierre"]
[Result "1-0"]
[WhiteElo "2295"]
[BlackElo "2380"]
[PlyCount "63"]
[EventDate "1992.04.??"]
[EventType "swiss"]
[EventRounds "9"]
[EventCountry "FRA"]
[SourceTitle "EXT 1997"]
[Source "ChessBase"]
[SourceDate "1996.11.15"]
[SourceVersion "1"]
[SourceVersionDate "1996.11.15"]
[SourceQuality "1"]

1. d4 Nf6 2. c4 g6 3. Nc3 Bg7 4. e4 d6 5. Nf3 0-0 6. Be2 c5 7. 0-0 cxd4 8. Nxd4 Nc6 9. Be3 Re8 10. Nc2 b6 11. f3 Bb7 12. Qd2 Rc8 13. Rad1 Ne5 14. b3 Qc7 15. Nd4 a6 16. Rc1 Qb8 17. Rfd1 Ned7 18. Bf1 Qa8 19. Na4 e6 20. Nc2 d5 21. exd5 exd5 22. Nxb6 Nxb6 23. Bxb6 dxc4 24. Bxc4 Nh5 25. Re1 Bc6 26. Rxe8+ Rxe8 27. Re1 Rxe1+ 28. Qxe1 Qb8 29. Bd4 Bxd4+ 30. Nxd4 Qb6 31. Qe5 Ng7 32. Qf6 1-0

[Event "Paris-ch op"]
[Site "Paris"]
[Date "1992.??.??"]
[Round "1"]
[White "Petit, Eric"]
[Black "Pergericht, Daniel"]
[Result "0-1"]
[WhiteElo "2210"]
[BlackElo "2295"]
[PlyCount "72"]
[EventDate "1992.04.??"]
[EventType "swiss"]
[EventRounds "9"]
[EventCountry "FRA"]
[SourceTitle "EXT 1997"]
[Source "ChessBase"]
[SourceDate "1996.11.15"]
[SourceVersion "1"]
[SourceVersionDate "1996.11.15"]
[SourceQuality "1"]

1. e4 e5 2. Nf3 Nf6 3. d4 Nxe4 4. Bd3 d5 5. Nxe5 Bd6 6. 0-0 0-0 7. c4 Bxe5 8. dxe5 Nc6 9. cxd5 Qxd5 10. Qc2 Nb4 11. Bxe4 Nxc2 12. Bxd5 Bf5 13. g4 Bxg4 14. Bf4 Nxa1 15. Be4 f5 16. Bd5+ Kh8 17. Rc1 c6 18. Bg2 Rfd8 19. Nc3 Rd4 20. Be3 Rb4 21. Rxa1 Rxb2 22. Na4 Rb4 23. Nc5 Rd8 24. a3 Rb2 25. Na4 Rc2 26. Nc5 f4 27. Nxb7 Rb8 28. Be4 Rc4 29. Nd6 Rxe4 30. Bxa7 Ra8 31. Nxe4 Rxa7 32. a4 Ra5 33. Nd6 Be6 34. Nb7 Rxe5 35. a5 Rg5+ 36. Kf1 Bc4+ 0-1

[Event "Paris-ch op"]
[Site "Paris"]
[Date "1992.??.??"]
[Round "7"]
[White "Pogorelov, Ruslan"]
[Black "Pergericht, Daniel"]
[Result "1-0"]
[WhiteElo "2385"]
[BlackElo "2295"]
[PlyCount "59"]
[EventDate "1992.04.??"]
[EventType "swiss"]
[EventRounds "9"]
[EventCountry "FRA"]
[SourceTitle "EXT 1997"]
[Source "ChessBase"]
[SourceDate "1996.11.15"]
[SourceVersion "1"]
[SourceVersionDate "1996.11.15"]
[SourceQuality "1"]

1. Nf3 Nf6 2. c4 c6 3. Nc3 d5 4. d4 dxc4 5. a4 Bf5 6. e3 e6 7. Bxc4 Bb4 8. 0-0 Nbd7 9. Qb3 a5 10. Nh4 Bg6 11. Nxg6 hxg6 12. Rd1 Qb6 13. Bf1 Rxh2 14. g3 Rh5 15. Bg2 0-0-0 16. Qc2 Kb8 17. Qe2 Nd5 18. Na2 Bd6 19. e4 Nb4 20. Nxb4 Qxb4 21. Bf1 Rhh8 22. Bd2 Qb6 23. Be3 Qb4 24. e5 Bc7 25. Qc2 Bb6 26. Rd3 Qe7 27. b4 axb4 28. a5 Nxe5 29. dxe5 Rxd3 30. axb6 1-0

[Event "Olympiad-29"]
[Site "Novi Sad"]
[Date "1990.12.01"]
[Round "13"]
[White "Pergericht, Daniel"]
[Black "Franco Ocampos, Zenon"]
[Result "1/2-1/2"]
[WhiteElo "2275"]
[BlackElo "2495"]
[PlyCount "84"]
[EventDate "1990.11.17"]
[EventType "team-swiss"]
[EventRounds "14"]
[EventCountry "YUG"]
[SourceTitle "EXT 2019"]
[Source "ChessBase"]
[SourceDate "2018.10.10"]
[SourceVersion "1"]
[SourceVersionDate "2018.10.10"]
[SourceQuality "1"]
[WhiteTeam "Belgium"]
[BlackTeam "Paraguay"]
[WhiteTeamCountry "BEL"]
[BlackTeamCountry "PAR"]

1. d4 Nf6 2. c4 e6 3. g3 c5 4. d5 exd5 5. cxd5 d6 6. Nc3 g6 7. Nf3 Bg7 8. Bg2 0-0 9. 0-0 a6 10. a4 Nbd7 11. e4 Rb8 12. a5 Qc7 13. Re1 Re8 14. Bf1 c4 15. h3 b5 16. axb6 Nxb6 17. Be3 Nfd7 18. Bd4 Nc5 19. Bxg7 Kxg7 20. Qd4+ f6 21. Nd2 Bd7 22. Ra3 Bb5 23. b3 cxb3 24. Bxb5 axb5 25. Nxb5 Qe7 26. Nxb3 Nbd7 27. Nxc5 dxc5 28. Qd3 c4 29. Qxc4 Ne5 30. Qf1 Rxb5 31. Qxb5 Qxa3 32. Qxe8 Nf3+ 33. Kf1 Qd3+ 34. Re2 Qd1+ 35. Kg2 Qxe2 36. Qe7+ Kh6 37. Qxf6 Ne1+ 38. Kg1 Qxe4 39. Kf1 Qh1+ 40. Ke2 Qe4+ 41. Kf1 Nf3 42. d6 Nd2+ 1/2-1/2

[Event "Olympiad-29"]
[Site "Novi Sad"]
[Date "1990.11.25"]
[Round "8"]
[White "Torres, Luis J"]
[Black "Pergericht, Daniel"]
[Result "1/2-1/2"]
[WhiteElo "2275"]
[BlackElo "2275"]
[PlyCount "36"]
[EventDate "1990.11.17"]
[EventType "team-swiss"]
[EventRounds "14"]
[EventCountry "YUG"]
[SourceTitle "EXT 2019"]
[Source "ChessBase"]
[SourceDate "2018.10.10"]
[SourceVersion "1"]
[SourceVersionDate "2018.10.10"]
[SourceQuality "1"]
[WhiteTeam "Puerto Rico"]
[BlackTeam "Belgium"]
[WhiteTeamCountry "PUR"]
[BlackTeamCountry "BEL"]

1. e4 e5 2. Bc4 Nf6 3. d3 Nc6 4. Nc3 Bc5 5. f4 d6 6. Nf3 Bg4 7. Na4 Bb6 8. Nxb6 axb6 9. c3 0-0 10. 0-0 exf4 11. Bxf4 Nh5 12. Qd2 Nxf4 13. Qxf4 Be6 14. Bxe6 fxe6 15. Qg4 Rf6 16. d4 Qe7 17. Nh4 Raf8 18. Rxf6 Qxf6 1/2-1/2

[Event "Olympiad-29"]
[Site "Novi Sad"]
[Date "1990.11.24"]
[Round "7"]
[White "Pergericht, Daniel"]
[Black "Zapata, Alonso"]
[Result "0-1"]
[WhiteElo "2275"]
[BlackElo "2545"]
[PlyCount "54"]
[EventDate "1990.11.17"]
[EventType "team-swiss"]
[EventRounds "14"]
[EventCountry "YUG"]
[SourceTitle "EXT 2019"]
[Source "ChessBase"]
[SourceDate "2018.10.10"]
[SourceVersion "1"]
[SourceVersionDate "2018.10.10"]
[SourceQuality "1"]
[WhiteTeam "Belgium"]
[BlackTeam "Colombia"]
[WhiteTeamCountry "BEL"]
[BlackTeamCountry "COL"]

1. d4 Nf6 2. c4 c5 3. d5 g6 4. Nc3 Bg7 5. Nf3 0-0 6. g3 d6 7. Bg2 e5 8. dxe6 Bxe6 9. Ng5 Nc6 10. Nxe6 fxe6 11. 0-0 Qe7 12. Bf4 Rad8 13. Qd2 Rd7 14. Rad1 Rfd8 15. Bg5 Ne5 16. b3 Nf7 17. Bf4 Qf8 18. Bh3 Re7 19. Nb5 a6 20. Nc3 Qe8 21. Qc2 b5 22. cxb5 axb5 23. a4 bxa4 24. Nxa4 Nd5 25. Bc1 Nb4 26. Qc4 Nc6 27. Qh4 Nd4 0-1

[Event "Prague T7"]
[Site "Prague"]
[Date "1990.??.??"]
[Round "8"]
[White "Bakalar, Petr"]
[Black "Pergericht, Daniel"]
[Result "1-0"]
[WhiteElo "2325"]
[BlackElo "2280"]
[PlyCount "57"]
[EventDate "1990.??.??"]
[EventType "tourn"]
[EventRounds "11"]
[EventCountry "CZE"]
[EventCategory "4"]
[SourceTitle "EXT 1997"]
[Source "ChessBase"]
[SourceDate "1996.11.15"]
[SourceVersion "1"]
[SourceVersionDate "1996.11.15"]
[SourceQuality "1"]

1. d4 d5 2. Nf3 Nf6 3. c4 c6 4. Qb3 dxc4 5. Qxc4 Bf5 6. g3 Nbd7 7. Bg2 e6 8. 0-0 Be7 9. Nc3 0-0 10. e3 h6 11. Qe2 Bb4 12. e4 Bh7 13. Ne1 Re8 14. Nd3 Bf8 15. f4 c5 16. Be3 cxd4 17. Bxd4 Nb8 18. Bf2 Nc6 19. Rfd1 Qa5 20. a3 Rad8 21. b4 Qc7 22. Rac1 Qb8 23. Nc5 a5 24. e5 axb4 25. axb4 Nxb4 26. exf6 Bxc5 27. Bxc5 Nd3 28. Qg4 g5 29. Qh5 1-0

[Event "FRA-chT"]
[Site "France"]
[Date "1990.??.??"]
[Round "?"]
[White "Berthelot, Yannick"]
[Black "Pergericht, Daniel"]
[Result "1-0"]
[WhiteElo "2310"]
[BlackElo "2280"]
[PlyCount "45"]
[EventDate "1990.??.??"]
[EventType "team"]
[EventRounds "11"]
[EventCountry "FRA"]
[SourceTitle "EXT 2007"]
[Source "ChessBase"]
[SourceDate "2006.11.23"]
[SourceVersion "1"]
[SourceVersionDate "2006.11.23"]
[SourceQuality "1"]

1. e4 e5 2. f4 Bc5 3. Nf3 d6 4. c3 Bb6 5. Na3 Nc6 6. Bb5 Nf6 7. Nc4 0-0 8. Nxb6 axb6 9. d3 exf4 10. Bxf4 Nh5 11. Be3 Qe8 12. 0-0 f5 13. Qe2 Nf6 14. exf5 Bxf5 15. Qd2 Qh5 16. Bc4+ Kh8 17. Ng5 Ng4 18. h3 Nxe3 19. Qxe3 Bg6 20. Ne6 Rfe8 21. Qf2 Rab8 22. Nxc7 Rec8 23. Ne6 1-0

[Event "Prague Vysehrad-A"]
[Site "Prague"]
[Date "1990.??.??"]
[Round "5"]
[White "Cech, Pavel"]
[Black "Pergericht, Daniel"]
[Result "1/2-1/2"]
[WhiteElo "2230"]
[BlackElo "2280"]
[PlyCount "89"]
[EventDate "1990.??.??"]
[EventType "tourn"]
[EventRounds "11"]
[EventCountry "CSR"]
[EventCategory "2"]
[SourceTitle "EXT 1997"]
[Source "ChessBase"]
[SourceDate "1996.11.15"]
[SourceVersion "1"]
[SourceVersionDate "1996.11.15"]
[SourceQuality "1"]

1. d4 d5 2. c4 c6 3. cxd5 cxd5 4. Nc3 Nf6 5. Nf3 Nc6 6. Bf4 Bf5 7. e3 e6 8. Ne5 Nxe5 9. Bxe5 Nd7 10. Qb3 f6 11. Bg3 Nb6 12. a4 a5 13. Be2 Bb4 14. 0-0 0-0 15. Na2 Bd6 16. Rac1 Bxg3 17. hxg3 Qd6 18. Rc5 Nd7 19. Rc3 Rfc8 20. Rfc1 Rxc3 21. Qxc3 Nb6 22. Bb5 Rc8 23. Qxa5 Ra8 24. Qb4 Qxb4 25. Nxb4 Nxa4 26. Bxa4 Rxa4 27. Rc8+ Kf7 28. Rc7+ Kf8 29. Rxb7 Ra1+ 30. Kh2 Rf1 31. f3 Re1 32. Nc6 Rxe3 33. b4 e5 34. b5 e4 35. b6 Rb3 36. fxe4 dxe4 37. Rb8+ Kf7 38. d5 e3 39. Nd4 Be4 40. Nxb3 e2 41. Rf8+ Kxf8 42. b7 e1Q 43. b8Q+ Kf7 44. Qb7+ Kg6 45. Nc5 1/2-1/2

[Event "Prague Vysehrad-A"]
[Site "Prague"]
[Date "1990.??.??"]
[Round "9"]
[White "Freisler, Pavel"]
[Black "Pergericht, Daniel"]
[Result "1/2-1/2"]
[WhiteElo "2270"]
[BlackElo "2280"]
[PlyCount "73"]
[EventDate "1990.??.??"]
[EventType "tourn"]
[EventRounds "11"]
[EventCountry "CSR"]
[EventCategory "2"]
[SourceTitle "EXT 1997"]
[Source "ChessBase"]
[SourceDate "1996.11.15"]
[SourceVersion "1"]
[SourceVersionDate "1996.11.15"]
[SourceQuality "1"]

1. Nf3 d5 2. c4 c6 3. b3 Nf6 4. g3 Bf5 5. Bg2 e6 6. Bb2 Be7 7. d3 0-0 8. 0-0 h6 9. Nbd2 a5 10. a3 Bh7 11. Qc2 Na6 12. Ne5 Qb6 13. Rab1 Rfd8 14. Ndf3 Ne8 15. Bh3 Nec7 16. Qd2 f6 17. Ng4 d4 18. Nxh6+ gxh6 19. Qxh6 c5 20. g4 Kh8 21. Bc1 Rg8 22. Kh1 Qc6 23. Rg1 Rg6 24. Qh5 Rag8 25. Rg3 Qe8 26. g5 R6g7 27. Qh4 Qd8 28. Bd2 fxg5 29. Qh6 g4 30. Rbg1 Rg6 31. Qh5 Ne8 32. Ne5 Nf6 33. Nf7+ Kg7 34. Qxg6+ Bxg6 35. Nxd8 Bxd8 36. Bxg4 Nxg4 37. Rxg4 1/2-1/2

[Event "Iclicki Masters"]
[Site "Belgium"]
[Date "1990.??.??"]
[Round "?"]
[White "Karolyi, Tibor Jr"]
[Black "Pergericht, Daniel"]
[Result "0-1"]
[WhiteElo "2440"]
[BlackElo "2280"]
[PlyCount "54"]
[EventDate "1990.??.??"]
[EventType "tourn"]
[EventRounds "9"]
[EventCountry "BEL"]
[EventCategory "3"]
[SourceTitle "EXT 2004"]
[Source "ChessBase"]
[SourceDate "2003.11.25"]
[SourceVersion "1"]
[SourceVersionDate "2003.11.25"]
[SourceQuality "1"]

1. Nf3 f5 2. b3 d6 3. Bb2 e5 4. g3 Nf6 5. d4 e4 6. Nh4 d5 7. Qd2 Be6 8. Bh3 g6 9. f3 Nc6 10. 0-0 Qd7 11. Nc3 0-0-0 12. a3 Rg8 13. f4 h6 14. b4 Ne7 15. Ng2 g5 16. Ne3 Nh5 17. Kh1 Bg7 18. a4 Rdf8 19. b5 Ng6 20. fxg5 hxg5 21. b6 a6 22. Ncxd5 Bxd5 23. Nxd5 g4 24. Qg5 gxh3 25. Qxh5 Qxd5 26. c4 Qf7 27. Ba3 Rh8 0-1

[Event "Iclicki Masters"]
[Site "Belgium"]
[Date "1990.??.??"]
[Round "?"]
[White "Pergericht, Daniel"]
[Black "Iclicki, Willy"]
[Result "1/2-1/2"]
[WhiteElo "2280"]
[BlackElo "2255"]
[PlyCount "38"]
[EventDate "1990.??.??"]
[EventType "tourn"]
[EventRounds "9"]
[EventCountry "BEL"]
[EventCategory "3"]
[SourceTitle "EXT 2004"]
[Source "ChessBase"]
[SourceDate "2003.11.25"]
[SourceVersion "1"]
[SourceVersionDate "2003.11.25"]
[SourceQuality "1"]

1. g3 d5 2. Bg2 c6 3. d3 Nf6 4. Nd2 Bg4 5. h3 Bh5 6. g4 Bg6 7. e4 dxe4 8. dxe4 e5 9. Qe2 Qa5 10. c3 Nbd7 11. Ngf3 Qc7 12. Nh4 0-0-0 13. 0-0 Nc5 14. Nf5 Nd3 15. Nf3 Bxf5 16. gxf5 Nxc1 17. Rfxc1 g6 18. Rd1 Bh6 19. fxg6 hxg6 1/2-1/2